Top 15 Countries by nominal GDP - Statistics

General Stats
  • This quiz has been taken 27 times
  • The average score is 14 of 15
Answer Stats
Hint Answer % Correct
2 $19.373 Trillion China
100%
6 $3.158 Trillion United Kingdom
100%
4 $4.308 Trillion Germany
96%
5 $3.736 Trillion India
96%
1 $26.854 Trillion USA
96%
11 $2.081 Trillion Brazil
93%
9 $2.089 Trillion Canada
93%
7 $2.923 Trillion France
93%
10 $2.169 Trillion Italy
93%
3 $4.409 Trillion Japan
89%
14 $1.663 Trillion Mexico
89%
8 $2.062 Trillion Russia
89%
15 $1.492 Trillion no Spain
89%
12 $1.707 Trillion Australia
81%
13 $1.721 Trillion South Korea
78%
No matching quizzes found
Score Distribution
Percent of People with Each Score
Percentile by Number Answered
Your Score History
You have not taken this quiz